Deseos de mujer / (Record no. 195714)

MARC details
000 -LEADER
campo de control de longitud fija 01380nam a2200349 i 4500
001 - NÚMERO DE CONTROL
campo de control 195714
003 - IDENTIFICADOR DE NÚMERO DE CONTROL
campo de control SpMaBN
005 - FECHA Y HORA DE LA ÚLTIMA TRANSACCIÓN
campo de control 20241215063024.0
008 - DATOS DE LONGITUD FIJA--INFORMACIÓN GENERAL
campo de control de longitud fija 240712s2021 sp a | |||| 000 p spa
017 ## - NÚMERO DE COPYRIGHT O DE DEPÓSITO LEGAL
Número de copyright o de depósito legal M 34508-2021
Agencia que asigna Oficina Depósito Legal Madrid
020 ## - NÚMERO INTERNACIONAL ESTÁNDAR DEL LIBRO
Número Internacional Estándar del Libro 9788415918929
035 ## - NÚMERO DE CONTROL DEL SISTEMA
Número de control de sistema a7025797
040 ## - FUENTE DE CATALOGACIÓN
Centro catalogador/agencia de origen SpMaBN
Lengua de catalogación spa
Centro/agencia transcriptor SpMaBN
Normas de descripción rda
Centro/agencia modificador ES-MaACL
080 ## - NÚMERO DE LA CLASIFICACIÓN DECIMAL UNIVERSAL
Número de la Clasificación Decimal Universal 821.134.2-14"19"
100 ## - ENTRADA PRINCIPAL--NOMBRE DE PERSONA
Nombre de persona Navarro Fernández, Andrés,
Fechas asociadas al nombre 1965-
9 (RLIN) 237366
Término indicativo de función/relación Autor
245 10 - MENCIÓN DEL TÍTULO
Título Deseos de mujer /
Mención de responsabilidad, etc. Andrés Navarro Fernández.
264 #1 - PRODUCCIÓN, PUBLICACIÓN, DISTRIBUCIÓN, FABRICACIÓN Y COPYRIGHT
Producción, publicación, distribución, fabricación y copyright Pozuelo de Alarcón, Madrid :
Nombre del de productor, editor, distribuidor, fabricante Atmósfera Literaria,
Fecha de producción, publicación, distribución, fabricación o copyright [2021]
264 #4 - PRODUCCIÓN, PUBLICACIÓN, DISTRIBUCIÓN, FABRICACIÓN Y COPYRIGHT
Fecha de producción, publicación, distribución, fabricación o copyright ©2022
300 ## - DESCRIPCIÓN FÍSICA
Extensión 117 páginas :
Otras características físicas ilustraciones (blanco y negro) ;
Dimensiones 21 cm.
336 ## - TIPO DE CONTENIDO
Término de tipo de contenido Texto
-- Imagen fija
Fuente rdacontent
337 ## - TIPO DE MEDIO
Nombre/término del tipo de medio sin mediación
Fuente rdamedia
338 ## - TIPO DE SOPORTE
Nombre/término del tipo de soporte volumen
Fuente rdacarrier
490 1# - MENCIÓN DE SERIE
Mención de serie Atmósfera poesía
655 #0 - TERMINO DE INDIZACIÓN--GENERO/FORMA
Datos o término principal de género/forma Poesías líricas
Fuente del término tgfbne
9 (RLIN) 236779
830 #0 - PUNTO DE ACCESO ADICIONAL DE SERIE-TÍTULO UNIFORME
Título uniforme Colección Atmósfera poesía
9 (RLIN) 239366
852 ## - LOCALIZACIÓN
Ubicación Es-MaACL
Sublocalización o colección R.153478
Ubicación en estantería Depósito J
Número de control de estantería N-8718
Anotaciones manuscritas Dedicatoria autógrafa del autor
Donativo/Legado Donación: Andrés Navarro Fernández
itemnumber 204471
Encuadernación Encuadernación rústica
903 ## - NOMBRE PERSONAL DE DONANTE
9 237366
a Navarro Fernández, Andrés,
d 1965-
e Donante
942 ## - ELEMENTOS DE ENTRADA SECUNDARIOS (KOHA)
Fuente del sistema de clasificación o colocación Clasificación decimal universal
Tipo de ítem Koha Libro impreso
Suprimir en OPAC No
954 ## - CATALOGADORES
Estado de la copia Tatiana Alejandra de Castro Pérez
Holdings
Estatus retirado Estado de pérdida Fuente del sistema de clasificación o colocación Estado de daño No para préstamo Colección Biblioteca de origen Biblioteca actual Ubicación en estantería Fecha de adquisición Fuente de adquisición Total de préstamos Signatura topográfica completa Código de barras Visto por última vez Precio de reemplazo Tipo de ítem Koha Nota pública
    Clasificación decimal universal     Libros con dedicatorias Biblioteca del Ateneo de Madrid Biblioteca del Ateneo de Madrid Depósito J 13/12/2024 Donación   N-8718 101229275 13/12/2024 13/12/2024 Libro impreso Dedicatoria autógrafa del autor